<?xml version="1.0" encoding="UTF-8"?>
<record
    xmlns:xsi="http://www.w3.org/2001/XMLSchema-instance"
    xsi:schemaLocation="http://www.loc.gov/MARC21/slim http://www.loc.gov/standards/marcxml/schema/MARC21slim.xsd"
    xmlns="http://www.loc.gov/MARC21/slim">

  <leader>02631nam a2200469 i 4500</leader>
  <controlfield tag="001">000015592</controlfield>
  <controlfield tag="003">DO-SdBNP</controlfield>
  <controlfield tag="005">20241015140952.0</controlfield>
  <controlfield tag="007">ta</controlfield>
  <controlfield tag="008">100215s2009    dr            000 0 spa d</controlfield>
  <datafield tag="020" ind1=" " ind2=" ">
    <subfield code="a">9789945861587</subfield>
  </datafield>
  <datafield tag="040" ind1=" " ind2=" ">
    <subfield code="a">DO-SdBNP</subfield>
    <subfield code="b">spa</subfield>
    <subfield code="c">BNPHU</subfield>
    <subfield code="e">rda</subfield>
  </datafield>
  <datafield tag="082" ind1=" " ind2="4">
    <subfield code="a">972.9365</subfield>
    <subfield code="b">S187c</subfield>
    <subfield code="2">22</subfield>
  </datafield>
  <datafield tag="245" ind1="0" ind2="0">
    <subfield code="a">Saman&#xE1; :</subfield>
    <subfield code="b">ciclo de conferencias /</subfield>
    <subfield code="c">pr&#xF3;logo, Jos&#xE9; Chez Checo ; textos Bernardo Vega, Soraya Aracena, Esteban Prieto Vicioso, Virginia Flores Sasso, Emilio Cordero Michel y otros ; fotograf&#xED;as,  Jes&#xFA;s Rodr&#xED;guez, Ricardo Brianes, F&#xE9;lix Sep&#xFA;lveda, Jos&#xE9; Alejandro &#xC1;lvarez.</subfield>
  </datafield>
  <datafield tag="264" ind1=" " ind2="1">
    <subfield code="a">Santo Domingo :</subfield>
    <subfield code="b">Buho, </subfield>
    <subfield code="c">2009.</subfield>
  </datafield>
  <datafield tag="300" ind1=" " ind2=" ">
    <subfield code="a">97 p&#xE1;ginas ;</subfield>
    <subfield code="c">23 cm.</subfield>
  </datafield>
  <datafield tag="336" ind1=" " ind2=" ">
    <subfield code="2">rdacontent</subfield>
    <subfield code="a">texto</subfield>
    <subfield code="b">txt</subfield>
  </datafield>
  <datafield tag="337" ind1=" " ind2=" ">
    <subfield code="2">rdamedia</subfield>
    <subfield code="a">sin mediaci&#xF3;n</subfield>
    <subfield code="b">n</subfield>
  </datafield>
  <datafield tag="338" ind1=" " ind2=" ">
    <subfield code="2">rdacarrier</subfield>
    <subfield code="a">volumen</subfield>
    <subfield code="b">nc</subfield>
  </datafield>
  <datafield tag="490" ind1="0" ind2=" ">
    <subfield code="a">Orgullo de mi tierra</subfield>
  </datafield>
  <datafield tag="505" ind1="2" ind2=" ">
    <subfield code="t">Pr&#xF3;logo / </subfield>
    <subfield code="r">Jos&#xE9; Chez Checo -- </subfield>
    <subfield code="t">Breve historia de Saman&#xE1; / </subfield>
    <subfield code="r">Bernardo Vega -- </subfield>
    <subfield code="t">Aportaciones culturales de los inmigrantes en Saman&#xE1; / </subfield>
    <subfield code="r">Soraya Aracena -- </subfield>
    <subfield code="t">Arquitectura en la provincia de Saman&#xE1; / </subfield>
    <subfield code="r">Esteban Prieto, Virginia Flores Sasso -- </subfield>
    <subfield code="t">Schomburgk y Saman&#xE1; / </subfield>
    <subfield code="r">Emilio Cordero Michel -- </subfield>
    <subfield code="t">Las inmigraciones francesas a Saman&#xE1; / </subfield>
    <subfield code="r">Efrain Baldrich Beauregard -- </subfield>
    <subfield code="t">El folklore, la gastronom&#xED;a y la identidad de Saman&#xE1; / </subfield>
    <subfield code="r">Dagoberto Tejeda Cruz -- </subfield>
    <subfield code="t">Los afroamericanos en Saman&#xE1; y la llegada del protestantismo a Quisqueya: Fe-negritud-esclavitud / </subfield>
    <subfield code="r">Susana S&#xE1;nchez</subfield>
  </datafield>
  <datafield tag="590" ind1=" " ind2=" ">
    <subfield code="a">Inventariado, 2024/ YL</subfield>
  </datafield>
  <datafield tag="650" ind1=" " ind2="4">
    <subfield code="a">Arquitectura</subfield>
    <subfield code="z">Saman&#xE1; (Rep&#xFA;blica Dominicana : Provincia)</subfield>
    <subfield code="9">35172</subfield>
  </datafield>
  <datafield tag="651" ind1=" " ind2="4">
    <subfield code="a">Saman&#xE1; (Rep&#xFA;blica Dominicana : Provincia)</subfield>
    <subfield code="x">Historia local</subfield>
    <subfield code="9">13085</subfield>
  </datafield>
  <datafield tag="651" ind1=" " ind2="4">
    <subfield code="a"> Saman&#xE1; (Rep&#xFA;blica Dominicana : Provincia)</subfield>
    <subfield code="x">Vida social y costumbres</subfield>
    <subfield code="9">35171</subfield>
  </datafield>
  <datafield tag="651" ind1=" " ind2="4">
    <subfield code="a">Saman&#xE1; (Rep&#xFA;blica Dominicana : Provincia)</subfield>
    <subfield code="x">Emigraci&#xF3;n e inmigraci&#xF3;n</subfield>
    <subfield code="9">35173</subfield>
  </datafield>
  <datafield tag="700" ind1="1" ind2=" ">
    <subfield code="a">Chez Checo, Jos&#xE9;,</subfield>
    <subfield code="d">1949-</subfield>
    <subfield code="e">pr&#xF3;logo</subfield>
    <subfield code="9">10145</subfield>
  </datafield>
  <datafield tag="700" ind1="1" ind2=" ">
    <subfield code="a">Vega, Bernardo </subfield>
    <subfield code="e">textos </subfield>
    <subfield code="9">85109</subfield>
  </datafield>
  <datafield tag="700" ind1="1" ind2=" ">
    <subfield code="a">Aracena, Soraya</subfield>
    <subfield code="e">textos </subfield>
    <subfield code="9">43422</subfield>
  </datafield>
  <datafield tag="700" ind1="1" ind2=" ">
    <subfield code="a">Prieto Vicioso, Esteban </subfield>
    <subfield code="e">textos </subfield>
    <subfield code="9">56663</subfield>
  </datafield>
  <datafield tag="700" ind1="1" ind2=" ">
    <subfield code="a">Flores Sasso, Virginia </subfield>
    <subfield code="e">textos </subfield>
    <subfield code="9">77827</subfield>
  </datafield>
  <datafield tag="700" ind1="1" ind2=" ">
    <subfield code="a">Cordero Michel, Emilio,</subfield>
    <subfield code="d">1929-2018</subfield>
    <subfield code="e">textos </subfield>
    <subfield code="9">44029</subfield>
  </datafield>
  <datafield tag="700" ind1="1" ind2=" ">
    <subfield code="a">Baldrich Beauregard, Efrain</subfield>
    <subfield code="e">textos </subfield>
    <subfield code="9">85664</subfield>
  </datafield>
  <datafield tag="700" ind1="1" ind2=" ">
    <subfield code="a">Tejeda, Dagoberto</subfield>
    <subfield code="e">textos </subfield>
    <subfield code="9">18983</subfield>
  </datafield>
  <datafield tag="700" ind1="1" ind2=" ">
    <subfield code="a">S&#xE1;nchez, Susana</subfield>
    <subfield code="e">textos </subfield>
    <subfield code="9">2135</subfield>
  </datafield>
  <datafield tag="700" ind1="1" ind2=" ">
    <subfield code="a">Rodr&#xED;guez, Jes&#xFA;s </subfield>
    <subfield code="e">fotograf&#xED;as</subfield>
    <subfield code="9">61577</subfield>
  </datafield>
  <datafield tag="700" ind1="1" ind2=" ">
    <subfield code="a">Brianes, Ricardo </subfield>
    <subfield code="e">fotograf&#xED;as</subfield>
    <subfield code="9">85665</subfield>
  </datafield>
  <datafield tag="700" ind1="1" ind2=" ">
    <subfield code="a">Sep&#xFA;lveda, F&#xE9;lix </subfield>
    <subfield code="e">fotograf&#xED;as</subfield>
    <subfield code="9">43009</subfield>
  </datafield>
  <datafield tag="700" ind1="1" ind2=" ">
    <subfield code="a">&#xC1;lvarez, Jos&#xE9; Alejandro</subfield>
    <subfield code="e">fotograf&#xED;as</subfield>
    <subfield code="9">78811</subfield>
  </datafield>
  <datafield tag="910" ind1=" " ind2=" ">
    <subfield code="a">Validado. Control de calidad BNPHU</subfield>
  </datafield>
  <datafield tag="942" ind1=" " ind2=" ">
    <subfield code="2">ddc</subfield>
    <subfield code="c">LBS1</subfield>
  </datafield>
  <datafield tag="952" ind1=" " ind2=" ">
    <subfield code="0">0</subfield>
    <subfield code="1">0</subfield>
    <subfield code="2">ddc</subfield>
    <subfield code="5">1</subfield>
    <subfield code="7">0</subfield>
    <subfield code="8">PD</subfield>
    <subfield code="a">BNPHU</subfield>
    <subfield code="b">BNPHU</subfield>
    <subfield code="c">HD</subfield>
    <subfield code="d">2010-02-15</subfield>
    <subfield code="e">Deposito Legal</subfield>
    <subfield code="l">0</subfield>
    <subfield code="o">BNPHU PD 972.9365 S187c</subfield>
    <subfield code="p">15592-10</subfield>
    <subfield code="r">2020-06-25</subfield>
    <subfield code="w">2020-06-25</subfield>
    <subfield code="y">LBS1</subfield>
    <subfield code="Z">No se presta</subfield>
  </datafield>
  <datafield tag="952" ind1=" " ind2=" ">
    <subfield code="0">0</subfield>
    <subfield code="1">0</subfield>
    <subfield code="2">ddc</subfield>
    <subfield code="5">1</subfield>
    <subfield code="7">0</subfield>
    <subfield code="8">PD</subfield>
    <subfield code="a">BNPHU</subfield>
    <subfield code="b">BNPHU</subfield>
    <subfield code="c">HD</subfield>
    <subfield code="d">2010-02-15</subfield>
    <subfield code="e">Deposito Legal</subfield>
    <subfield code="l">0</subfield>
    <subfield code="o">BNPHU PD 972.9365 S187c</subfield>
    <subfield code="p">15592-20</subfield>
    <subfield code="r">2020-06-25</subfield>
    <subfield code="t">e. 2</subfield>
    <subfield code="w">2020-06-25</subfield>
    <subfield code="y">LBS1</subfield>
    <subfield code="Z">No se presta</subfield>
  </datafield>
  <datafield tag="952" ind1=" " ind2=" ">
    <subfield code="0">0</subfield>
    <subfield code="1">0</subfield>
    <subfield code="2">ddc</subfield>
    <subfield code="5">6</subfield>
    <subfield code="7">0</subfield>
    <subfield code="8">DS</subfield>
    <subfield code="a">BNPHU</subfield>
    <subfield code="b">BNPHU</subfield>
    <subfield code="c">HD</subfield>
    <subfield code="d">2023-03-01</subfield>
    <subfield code="e">Donado por Emilio Cordero Michel</subfield>
    <subfield code="l">0</subfield>
    <subfield code="o">BNPHU DS 972.9365 S187c</subfield>
    <subfield code="p">2024-3481</subfield>
    <subfield code="r">2024-06-14</subfield>
    <subfield code="t">e.  4</subfield>
    <subfield code="w">2020-06-25</subfield>
    <subfield code="y">LBS1</subfield>
  </datafield>
  <datafield tag="952" ind1=" " ind2=" ">
    <subfield code="0">0</subfield>
    <subfield code="1">0</subfield>
    <subfield code="2">ddc</subfield>
    <subfield code="5">6</subfield>
    <subfield code="7">0</subfield>
    <subfield code="8">DS</subfield>
    <subfield code="a">BNPHU</subfield>
    <subfield code="b">BNPHU</subfield>
    <subfield code="c">HD</subfield>
    <subfield code="d">2024-06-25</subfield>
    <subfield code="l">0</subfield>
    <subfield code="o">BNPHU DS 972.9365 S187c</subfield>
    <subfield code="p">15592-30</subfield>
    <subfield code="r">2024-06-25</subfield>
    <subfield code="t">e.3</subfield>
    <subfield code="w">2024-06-25</subfield>
    <subfield code="y">LBS1</subfield>
  </datafield>
  <datafield tag="999" ind1=" " ind2=" ">
    <subfield code="c">15147</subfield>
    <subfield code="d">15147</subfield>
  </datafield>
</record>
